| 000 | 00413cam a2200169ua 4500 | ||
|---|---|---|---|
| 001 | 8505 | ||
| 008 | 151209n1993 II |||gr||||Z||||||eng | ||
| 040 | _aMAIN | ||
| 041 | _aEnglish | ||
| 082 | _a579 POW | ||
| 100 | _aPOWER & BAGINAWALA. | ||
| 245 | _aGENERAL MICROBIOLOGY | ||
| 260 |
_aMUMBAI _bHIMALAYA PUBLISHING HOUSE _c1993 |
||
| 300 |
_a659: _c22 CM. |
||
| 653 | _aMicroorganisms, fungi & algae | ||
| 942 | _cBK | ||
| 999 |
_c8482 _d8482 |
||